La prehistoria de Antonio Machado / (Record no. 21514)

MARC details
000 -LEADER
campo de control de longitud fija 00657nam a2200193 i 4500
001 - NÚMERO DE CONTROL
campo de control 21514
003 - IDENTIFICADOR DE NÚMERO DE CONTROL
campo de control ES-MaACL
005 - FECHA Y HORA DE LA ÚLTIMA TRANSACCIÓN
campo de control 20250823085841.0
007 - CAMPO FIJO DE DESCRIPCIÓN FÍSICA--INFORMACIÓN GENERAL
campo de control de longitud fija t|
008 - DATOS DE LONGITUD FIJA--INFORMACIÓN GENERAL
campo de control de longitud fija 021126s1961 pr ||||1| spa d
100 0# - ENTRADA PRINCIPAL--NOMBRE DE PERSONA
Nombre de persona Albornoz, Aurora de,
Fechas asociadas al nombre 1926-1990
9 (RLIN) 19411
245 13 - MENCIÓN DEL TÍTULO
Título La prehistoria de Antonio Machado /
Mención de responsabilidad, etc. Aurora de Albornoz.
260 ## - PUBLICACIÓN, DISTRIBUCIÓN, ETC.
Lugar de publicación, distribución, etc. [San Juan de Puerto Rico] :
Nombre del editor, distribuidor, etc. Universidad de Puerto Rico :
-- La Torre,
Fecha de publicación, distribución, etc. 1961 (
Fabricante Gráf. Edit. Cultura)
300 ## - DESCRIPCIÓN FÍSICA
Extensión 109 p., 2 lám. ;
Dimensiones 25 cm.
600 14 - PUNTO DE ACCESO ADICIONAL DE MATERIA--NOMBRE DE PERSONA
Nombre de persona Machado, Antonio,
Fechas asociadas al nombre 1875-1939
9 (RLIN) 75151
710 2# - ENTRADA AGREGADA--NOMBRE DE ENTIDAD CORPORATIVA
Nombre de entidad corporativa o nombre de jurisdicción como elemento de entrada Universidad de Puerto Rico
9 (RLIN) 7273
852 ## - LOCALIZACIÓN
Ubicación ES-MaACL
Número de control de estantería C-21269
Holdings
Estatus retirado Estado de pérdida Estado de daño No para préstamo Biblioteca de origen Biblioteca actual Ubicación en estantería Fecha de adquisición Fuente de adquisición Total de préstamos Signatura topográfica completa Código de barras Visto por última vez Precio de reemplazo Tipo de ítem Koha
        Biblioteca del Ateneo de Madrid Biblioteca del Ateneo de Madrid Galería 17/01/2008     C-21269 1022110 23/02/2023 23/02/2023 Libro impreso